Teoría del derecho

Uloženo v:
Podrobná bibliografie
Hlavní autor: Lamsdorff-Galagane, Vladimiro (Autor)
Médium: Kniha
Jazyk:španělština
Vydáno: Barcelona PPU 1989
Témata:
Tagy: Přidat tag
Žádné tagy, Buďte první, kdo vytvoří štítek k tomuto záznamu!

MARC

LEADER 00000nam a2200000 a 4500
001 UCV2875
003 CL-VaPUC
008 921210e19890000SP |||||||||||||||||spa|d
082 0 4 |a 340.1  |b LAM  |2 21 
100 |a Lamsdorff-Galagane, Vladimiro  |e author  |9 297179 
245 1 0 |a Teoría del derecho 
300 |a 407 p 
942 |c BK 
945 |d 19921210 00:00:00 
260 |a Barcelona  |b PPU  |c 1989 
650 0 |a Filosofía del derecho   |9 255050 
650 7 |a DERECHO TEORIA  |2 CL-VaPUC  |9 297180 
583 |a last modification  |c 19921210 00:00:00  |k Rodrigo Vera 
999 |c 210337  |d 210335 
952 |0 0  |1 0  |4 0  |6 340_100000000000000_LAM_1989  |7 0  |8 DER_TF  |9 186482  |a BIBDER  |b BIBDER  |d 2019-11-14  |i 2539691  |o 340.1 LAM 1989  |p 2539691  |r 2023-01-25  |w 2019-11-14  |x Ubicación 4to Piso  |y BK  |z Estos recursos deben solicitarse con anticipación  |k DER